Online
Catalog

Best foot forward : (Record no. 6907)

MARC details
000 -CABECERA
campo de control de longitud fija 00535cam a2200169 a 4500
001 - NÚMERO DE CONTROL
campo de control 000007126
005 - FECHA Y HORA DE LA ÚLTIMA TRANSACCIÓN
campo de control 20200929154056.0
008 - DATOS DE LONGITUD FIJA--INFORMACIÓN GENERAL
campo de control de longitud fija 910816s1957 nyua 000 0aeng d
040 ## - FUENTE DE LA CATALOGACIÓN
Centro catalogador/agencia de origen DO-SdBNP
Lengua de catalogación spa
Centro/agencia transcriptor BNPHU
082 ## - NÚMERO DE LA CLASIFICACIÓN DECIMAL DEWEY
Número de clasificación 927.73
Número de documento/Ítem H689b
100 1# - ENTRADA PRINCIPAL--NOMBRE DE PERSONA
Nombre de persona Hodgkinson, Colin.
9 (RLIN) 19771
245 10 - MENCIÓN DE TÍTULO
Título Best foot forward :
Resto del título the autobiography of Colin Hodgkinson /
Mención de responsabilidad, etc. Colin Hodgkinson.
260 ## - PUBLICACIÓN, DISTRIBUCIÓN, ETC.
Lugar de publicación, distribución, etc. New York :
Nombre del editor, distribuidor, etc. Norton & Company,
Fecha de publicación, distribución, etc. 1957.
300 ## - DESCRIPCIÓN FÍSICA
Extensión 269 p. :
Otras características físicas il. ;
Dimensiones 22 cm.
600 10 - PUNTO DE ACCESO ADICIONAL DE MATERIA--NOMBRE DE PERSONA
Nombre de persona HODGKINSON, COLIN.
Fechas asociadas al nombre 1945-1960
9 (RLIN) 19772
910 ## - DATOS DE OPCIÓN DEL USUARIO (OCLC)
Datos de opción del usuario En proceso
Holdings
Estado de retiro Estado de pérdida Restricciones de uso No para préstamo Código de colección Localización permanente Ubicación/localización actual Ubicación en estantería Fecha de adquisición Número de inventario Total de préstamos Signatura topográfica completa Código de barras Fecha visto por última vez Precio válido a partir de Tipo de ítem Koha
        Monografías: Libros y Folletos General General En catalogación 04.09.2009 LF1   927.73 H689b 7126-10 25.06.2020 25.06.2020 Préstamo en sala

Powered by Koha